000
00336nam a22001457a 4500
008
210527b ||||| |||| 00| 0 eng d
020
_a
0891813128
041
_a
eng
080
_a
541
082
_a
541
100
_a
12
101
_a
KIM
245
_a
Petroleum Geochemistry and Basin Evaluation
_c
Gerard Demaison
942
_2
udc
_c
BK
999
_c
57687
_d
57687